[Event "GER-chT U12"]
[Site "Verden"]
[Date "2005.12.29"]
[Round "5.3"]
[White "Sancar, Alina"]
[Black "Schaefer, Daniela"]
[Result "1-0"]
[WhiteElo "1244"]
[BlackElo "1297"]
[PlyCount "169"]
[EventDate "2005.12.27"]
[EventType "team-swiss"]
[EventRounds "7"]
[EventCountry "GER"]
[SourceTitle "CBM 110 Extra"]
[Source "ChessBase"]
[SourceDate "2006.03.10"]
[SourceVersion "2"]
[SourceVersionDate "2006.03.10"]
[SourceQuality "1"]

1. e4 d6 2. d4 g6 3. Nf3 Bg7 4. Nc3 Nf6 5. Bg5 0-0 6. Be2 c5 7. dxc5 dxc5 8. 0-0 Nc6 9. Qc1 e6 10. e5 Nxe5 11. Nxe5 Qc7 12. Nf3 b6 13. h3 Bb7 14. Bh6 Nh5 15. Rd1 e5 16. Bxg7 Nxg7 17. Qh6 Nf5 18. Qc1 Qc6 19. Bd3 Nd6 20. Bf1 e4 21. Nd5 Kg7 22. Ne5 Qc8 23. Ng4 Nf5 24. b3 Bxd5 25. Rxd5 Qe6 26. Rd1 h5 27. Ne3 Nxe3 28. Qxe3 Rad8 29. Bc4 Qe5 30. f3 f5 31. Rab1 Rfe8 32. fxe4 Qxe4 33. Qc3+ Kh7 34. Rxd8 Rxd8 35. Re1 Qf4 36. Qe5 Qxe5 37. Rxe5 Rd1+ 38. Kf2 Rd2+ 39. Re2 Rd7 40. Bb5 Rf7 41. Be8 Rc7 42. Re6 Rg7 43. Kf3 h4 44. Kf4 Kh6 45. Rf6 Kh5 46. Rf8 Rh7 47. Rxf5+ Kh6 48. Re5 Rg7 49. Re6 Kh5 50. Rd6 Kh6 51. Kg4 Rg8 52. Bc6 Rf8 53. Be4 Rg8 54. Kxh4 Rg7 55. g4 b5 56. Bc6 b4 57. Rd5 g5+ 58. Kg3 Re7 59. Kf2 Rf7+ 60. Ke2 Re7+ 61. Kd2 Rf7 62. Rxc5 Rf2+ 63. Kd3 Rh2 64. Rc4 Rxh3+ 65. Ke4 Rg3 66. Kf5 a5 67. Bd7 Rg2 68. Rc6+ Kg7 69. Kxg5 Rd2 70. Bf5 Rd5 71. Rc7+ Kf8 72. Kf6 Rd6+ 73. Be6 Rd8 74. Rc8 Re8 75. Rxe8+ Kxe8 76. g5 Kf8 77. g6 Ke8 78. g7 Kd8 79. g8Q+ Kc7 80. Qe8 Kb7 81. Qd7+ Kb6 82. Bd5 Kc5 83. Ke5 Kb6 84. Qc6+ Ka7 85. Qb7# 1-0

[Event "GER-chT U12"]
[Site "Verden"]
[Date "2005.12.27"]
[Round "2.3"]
[White "Draeger, Robin"]
[Black "Sancar, Alina"]
[Result "1/2-1/2"]
[WhiteElo "980"]
[BlackElo "1244"]
[PlyCount "71"]
[EventDate "2005.12.27"]
[EventType "team-swiss"]
[EventRounds "7"]
[EventCountry "GER"]
[SourceTitle "CBM 110 Extra"]
[Source "ChessBase"]
[SourceDate "2006.03.10"]
[SourceVersion "2"]
[SourceVersionDate "2006.03.10"]
[SourceQuality "1"]

1. e4 e5 2. Nf3 Nc6 3. Bc4 Bc5 4. c3 d6 5. d4 exd4 6. cxd4 Bb6 7. d5 Ne5 8. Nxe5 dxe5 9. f4 exf4 10. Bxf4 Nf6 11. e5 Ne4 12. Rf1 0-0 13. Qd3 Nc5 14. Qg3 Ne4 15. Qd3 Bf5 16. b3 Bg6 17. Qf3 Qh4+ 18. g3 Qxh2 19. Nc3 Qb2 20. Rc1 Nxc3 21. Qxc3 Qxc3+ 22. Rxc3 Ba5 23. Kd2 Bxc3+ 24. Kxc3 Rfe8 25. Rd1 Rad8 26. d6 cxd6 27. exd6 Bf5 28. Bb5 Bd7 29. Bc4 Rc8 30. a4 a6 31. Kb4 Re4 32. Ka5 h6 33. Kb6 g5 34. Bc1 Bc6 35. d7 Bxd7 36. Rxd7 1/2-1/2

[Event "GER-chT U12"]
[Site "Verden"]
[Date "2004.12.30"]
[Round "7.2"]
[White "Sancar, Alina"]
[Black "Pauly, Carlo"]
[Result "1-0"]
[WhiteElo "1134"]
[BlackElo "1171"]
[PlyCount "59"]
[EventDate "2004.12.27"]
[EventType "team-swiss"]
[EventRounds "7"]
[EventCountry "GER"]
[SourceTitle "EXT 2006"]
[Source "ChessBase"]
[SourceDate "2005.11.24"]
[SourceVersion "1"]
[SourceVersionDate "2005.11.24"]
[SourceQuality "1"]

1. e4 d5 2. exd5 Nf6 3. Nf3 Nxd5 4. Bc4 Nb6 5. Bb3 Nc6 6. Nc3 Bf5 7. d3 e6 8. Bf4 Bd6 9. Qd2 0-0 10. 0-0-0 a5 11. a3 a4 12. Ba2 e5 13. Bg5 Qd7 14. h3 h6 15. Bh4 Nd4 16. Qe3 Nxf3 17. Qxf3 Be6 18. Bxe6 Qxe6 19. Qxb7 Rfb8 20. Qf3 Nd7 21. Rhe1 Ra7 22. Qc6 Rb6 23. Qd5 Qe8 24. f4 Kh8 25. Bf2 c5 26. fxe5 Bxe5 27. Bxc5 Nxc5 28. Qxc5 Re7 29. Rxe5 Rxe5 30. Qxb6 1-0

[Event "GER-chT U12"]
[Site "Verden"]
[Date "2004.12.29"]
[Round "5.2"]
[White "Kaiser, Philipp"]
[Black "Sancar, Alina"]
[Result "1-0"]
[WhiteElo "1295"]
[BlackElo "1134"]
[PlyCount "123"]
[EventDate "2004.12.27"]
[EventType "team-swiss"]
[EventRounds "7"]
[EventCountry "GER"]
[SourceTitle "EXT 2006"]
[Source "ChessBase"]
[SourceDate "2005.11.24"]
[SourceVersion "1"]
[SourceVersionDate "2005.11.24"]
[SourceQuality "1"]

1. d4 d5 2. c4 Nc6 3. e3 Nf6 4. Nc3 e6 5. Nf3 Bb4 6. Bd2 0-0 7. Bd3 b6 8. Qc2 h6 9. h4 Re8 10. 0-0-0 e5 11. dxe5 Nxe5 12. Nxe5 Rxe5 13. cxd5 Bxc3 14. Bxc3 Rxd5 15. Be4 Nxe4 16. Qxe4 Bb7 17. Qg4 f6 18. Rxd5 Qxd5 19. Bxf6 Qc6+ 20. Bc3 g6 21. h5 g5 22. f4 Qe4 23. Bd2 Qc4+ 24. Bc3 Qe4 25. Qg3 Qxg2 26. Qxg2 Bxg2 27. Rg1 Bf3 28. fxg5 hxg5 29. Rxg5+ Kh7 30. Bg7 Bxh5 31. Rxh5+ Kxg7 32. Rf5 Re8 33. Kd2 Kg6 34. Rf2 Rd8+ 35. Kc3 Re8 36. Rf3 Kg5 37. Kd3 Rd8+ 38. Ke2 Kg4 39. Rf7 Rc8 40. e4 a5 41. Ke3 c5 42. Rg7+ Kh5 43. e5 Re8 44. Ke4 Kh6 45. Rg3 Re7 46. Kf5 Rg7 47. Rxg7 Kxg7 48. Ke6 c4 49. Kd7 Kg6 50. e6 Kf5 51. e7 c3 52. bxc3 b5 53. e8Q Kf4 54. Kd6 Kf3 55. Kd5 Kg4 56. Qf7 Kg3 57. Ke4 b4 58. cxb4 axb4 59. Qf3+ Kh2 60. Qg4 b3 61. Kf3 Kh1 62. Qg2# 1-0